000 00465nam a2200169Ia 4500
008 241127s9999||||xx |||||||||||||| ||und||
020 _a9780323028394
_c299.8299.8
040 _beng
_cSSK Library
_erda
082 _a610.73/CLI
100 _a Anne Griffin Perry & Patricia A. Potter
245 0 _aClinical Nursing Skills & Techniques
250 _a6th ed
260 _b Elsevier Mosby
_c©2006
942 _22ddc
_cBOOK
_nNo
999 _c11815
_d11815
003 OSt
005 20241127152900.0